El aprendizaje cooperativo de una experiencia innovadora para la formación docente. (Record no. 1477)

MARC details
000 -LEADER
campo de control de longitud fija 02764nam a2200553Ia 4500
001 - NÚMERO DE CONTROL
campo de control 1582
008 - DATOS DE LONGITUD FIJA--INFORMACIÓN GENERAL
campo de control de longitud fija 241029s9999 xx 000 0 und d
010 ## - NÚMERO DE CONTROL DE LA BIBLIOTECA DEL CONGRESO
Número de control de LC 1477
041 ## - CÓDIGO DE IDIOMA
Código de lengua del texto/banda sonora o título independiente Español
082 ## - NÚMERO DE LA CLASIFICACIÓN DECIMAL DEWEY
Número de clasificación NO APLICA
245 #0 - MENCIÓN DEL TÍTULO
Título El aprendizaje cooperativo de una experiencia innovadora para la formación docente.
260 ## - PUBLICACIÓN, DISTRIBUCIÓN, ETC.
Lugar de publicación, distribución, etc. Santo Domingo
300 ## - DESCRIPCIÓN FÍSICA
Extensión 106
520 ## - RESUMEN, ETC.
Sumario, etc. 19
520 ## - RESUMEN, ETC.
Sumario, etc. El aprendizaje cooperativo se concibe como una estrategia educativa que permite potenciar el desarrollo de talentos en los estudiantes, favoreciendo el trabajo grupal dentro del paradigma social de la enseñanza y basado en la participación, la democracia y la justicia social. El objetivo general de esta investigación es: considerar el valor educativo que tiene el aprendizaje cooperativo como estrategia metodológica a fin de mejorar la práctica educativa.La metodología utilizada fue de investigación-acción; el instrumento utilizado fue el cuestionario. Se trabajó con una muestra de cuarenta (40) estudiantes que cursan el 4to. semestre de la carrera de Educación de la Escuela Normal Superior Urania Montás de San Juan de la Maguana y quince (15) profesores de la misma.Se concluyó que los alumnos no siempre tienen claro su responsabilidad en el proceso de Enseñanza-Aprendizaje y, la idea que tienen del trabajo grupal no se corresponde con el rol que les compete, a la luz de los nuevos paradigmas educativos que puedan ayudarle (UNESCO).Se recomienda que se realice una experiencia de aula (taller), con la finalidad de incentivar sobre la aplicación de estrategias sobre aprendizaje cooperativo, para introducir mejoras y producir cambios de actitud en los estudiantes de Educación.
630 ## - PUNTO DE ACCESO ADICIONAL DE MATERIA--TÍTULO UNIFORME
Título uniforme Aprendizaje
630 ## - PUNTO DE ACCESO ADICIONAL DE MATERIA--TÍTULO UNIFORME
Título uniforme Docentes
630 ## - PUNTO DE ACCESO ADICIONAL DE MATERIA--TÍTULO UNIFORME
Título uniforme Formación
630 ## - PUNTO DE ACCESO ADICIONAL DE MATERIA--TÍTULO UNIFORME
Título uniforme Innovaciones Educativas
650 ## - PUNTO DE ACCESO ADICIONAL DE MATERIA--TÉRMINO DE MATERIA
Término de materia o nombre geográfico como elemento de entrada Calidad Docente
690 ## - PUNTO DE ACCESO ADICIONAL DE MATERIA LOCAL--TÉRMINO DE MATERIA (OCLC, RLIN)
Término de materia o nombre geográfico como elemento inicial Elaborado
700 ## - ENTRADA AGREGADA--NOMBRE PERSONAL
Término indicativo de función/relación asesor
Nombre de persona Molina, Cristina
700 ## - ENTRADA AGREGADA--NOMBRE PERSONAL
Término indicativo de función/relación autor
Nombre de persona Ortiz de la Rosa, Luisa Herminia
901 ## - ELEMENTOS DE DATOS A LOCAL LDA (RLIN)
a {"1":"Ortiz de la Rosa"}
b {"1":"Luisa Herminia"}
902 ## - ELEMENTOS DE DATOS B LOCAL, LDB (RLIN)
a 1
903 ## - ELEMENTOS DE DATOS C LOCAL, LDC (RLIN)
a {"1":"Molina"}
b {"1":"Cristina"}
904 ## - ELEMENTOS DE DATOS D LOCAL, LDD (RLIN)
a Maestría en
905 ## - ELEMENTOS DE DATOS E LOCAL, LDE (RLIN)
a Formación de Formadores e Intervención para el Cambio Socioeducativo
906 ## - ELEMENTOS DE DATOS F LOCAL, LDF (RLIN)
a 2
907 ## - ELEMENTOS DE DATOS G LOCAL, LDG (RLIN)
a NO APLICA
908 ## - COLOCAR PARÁMETRO DE COMANDO (RLIN)
Colocar parámetro de comando NO APLICA
909 ## -
-- Universidad Autónoma de Santo Domingo (UASD)
910 ## - DATOS DE OPCIÓN DEL USUARIO (OCLC)
Datos de opción del usuario NULL
-- NULL
911 ## - EQUIVALENCIA O REFERENCIA-CRUZADA-NOMBRE DE CONFERENCIA O REUNIÓN/CONGRESO [LOCAL, CANADÁ]
Nombre de congreso/reunión o jurisdicción como elemento de entrada ["1"]
912 ## -
-- Universidad de Barcelona, España
913 ## -
-- NULL
914 ## -
-- 01 de Octubre de 2008
915 ## -
-- 08/12/19 04:12
916 ## -
-- NULL
917 ## -
-- NULL
918 ## -
-- NO APLICA
919 ## -
-- ["18","70","200","118"]
921 ## -
-- 16
922 ## -
-- 16
923 ## -
-- 0
924 ## -
-- NO APLICA
942 ## - ELEMENTOS DE ENTRADA SECUNDARIOS (KOHA)
Tipo de ítem Koha

No items available.

© 2024. Todos los Derechos Reservados. Desarrollado por IDEICE